TOP 20 des derniers pays du classement Fifa - Statistiques

Statistiques générales
  • Ce quiz a été pris 130 fois
  • Le résultat moyen est 5 sur 20
Statistiques - réponses
Hint Réponse % Correct
1 Saint-Marin
87%
14 Liechtenstein
58%
12 Gibraltar
52%
16 Tonga
31%
19 Djibouti
27%
11 Érythrée
27%
8 Somalie
24%
5 Sri Lanka
24%
15 Timor Oriental
22%
13 Seychelles
21%
17 Pakistan
20%
20 Bangladesh
19%
9 Bahamas
17%
7 Guam
9%
2 Anguilla
6%
10 Aruba
6%
3 Îles Vierges britannique
6%
4 Îles Vierges américaines
5%
18 Îles Caïmans
2%
6 Turs-et-Caicos
1%
Aucun quiz correspondant
Distribution des résultats
% des personnes avec chaque résultat
Percentile par nombre de réponses
Votre historique - résultats
Vous n’avez pas pris ce quiz